Banjo Kazooie/Tooie Characters - Statistics

General Stats
  • This quiz has been taken 81 times
  • The average score is 11 of 14
Answer Stats
Hint Answer % Correct
Main Protagonist; Easygoing Honey Bear Banjo
100%
Main Protagonist; Sarcastic Bird that helps the main duo fly Kazooie
99%
Main Villain of the games; Evil witch with a lair in Spiral Mountain Gruntilda
97%
Honey Bears Sister; kidnapped in the first game for evil witch to steal her beauty and youth Tootie
94%
Mole who teaches main protagonists moves in the first game; has bad case of death in the second game Bottles
93%
Shaman who helps transform Main protagonists in the first game and uses magic spells in the second game; lives in a giant skull house Mumbo Jumbo
91%
Main Henchman of the main villain; uses potions to fight you and gets progressively less handsome as the game goes on Klungo
83%
Native American shaman who takes over transformation duties in the second game; lives in a wigwam and has a magic pool Humba Wumba
74%
Hip King who rules over the village near Spiral Mountain in the second game; gets zombified after you talk to him King Jingaling
67%
Drill sergeant who lives in silos in the second game; teaches the main protagonists moves to progress through the game if you have the right number of musical notes JamJars
63%
Unlocks levels in the second game; has a temple near the mayahem temple level accessible with the correct number of jiggies Master Jiggywiggy
63%
Takes the Main protagonists empty honeycombs in exchange for expanded health bar; lives near glitter gulch mine in the second game Honey B
54%
Very Large sister of Main villain; seen in the second game in the quiz finale Blobbelda
44%
Very Skinny sister of the main villain; also seen in the second game in the quiz finale Mingella
44%
No matching quizzes found
Score Distribution
Percent of People with Each Score
Percentile by Number Answered
Your Score History
You have not taken this quiz